V Slovanete nám dáva veľký zmysel šíriť filantropiu
Enregistré dans:
| Format: | Chapitre de livre |
|---|---|
| Langue: | slovaque |
| Sujets: | |
| Tags: |
Pas de tags, Soyez le premier à ajouter un tag!
|
MARC
| LEADER | 00000naa a2200000 4500 | ||
|---|---|---|---|
| 001 | 0261363 | ||
| 005 | 20200120154542.0 | ||
| 041 | 0 | |a slo | |
| 044 | |a SK | ||
| 245 | 1 | 0 | |a V Slovanete nám dáva veľký zmysel šíriť filantropiu |
| 500 | |a Nadačný fond Slovanet funguje od roku 2015. Podporuje ľudí so zdravotným postihnutím, uzatvára partnerstvá s neziskovými organizáciami, pre pomoc nevyliečiteľne chorým deťom a ich rodinám. Podporuje kultúrne podujatia pre integráciu ľudí so zdravotným postihnutím. Spoločenská zodpovednosť na prvom mieste. | ||
| 610 | 2 | 0 | |a nadácie |
| 610 | 2 | 0 | |a pomoc sociálna |
| 610 | 2 | 0 | |a pomoc finančná |
| 610 | 2 | 0 | |a rodina |
| 610 | 2 | 0 | |a deti |
| 610 | 2 | 0 | |a chorobnosť |
| 610 | 2 | 0 | |a invalidi |